LEADER 00747nab a2200145 i 4500 001 000000280082 003 CaOOAMICUS 005 20131104000000.0 008 131104n xx uu u0 0und r 013 $a31883 040 $aSeMil$bita 245 10$a"Dio sta facendo tutto nuovo, lo Spirito Santo ci trasforma veramente e vuole trasformare, anche attraverso di noi, il mondo in cui viviamo" (Papa Francesco). - 50 p. - Titolo dalla copertina. 500 $aNovembre 2013. 773 0 $t[2013].$dMilano : ITL, 2013.$w()218942 996 $6245$a"Dio sta facendo tutto nuovo, lo Spirito Santo ci trasforma veramente e vuole trasformare, anche attraverso di noi, il mondo in cui viviamo" (Papa Francesco). - 50 p. - Titolo dalla copertina.$9(OLS)http://semarc/title/363337 LEADER 00670naa a2200157 i 4500 001 000000298521 003 CaOOAMICUS 005 20180831172626.0 008 180831n xx u000 u und u 013 $a6132 040 $aSeMil$bita 100 1 $aChiereghin, Franco.$0(OLS)http://semarc/name/17059 245 10$aTempo e spirito :$bl'interpretazione heideggeriana della teoria del tempo in Hegel. 600 14$aHeidegger, Martin <1889-1976>.$0(OLS)http://semarc/subject/986 773 0 $tMito e fede.$dBrescia : Morcelliana, 1998.$z88-372-1702-1$w()67192 996 $6245$aTempo e spirito :$bl'interpretazione heideggeriana della teoria del tempo in Hegel$9(OLS)http://semarc/title/374542